000 00386nam a22001697a 4500
005 20160629125358.0
008 160629b xxu||||| |||| 00| 0 eng d
020 _a81-203-1506-6
041 _aeng
082 _b10836
100 _aCharland, William
_93109
245 _aGuide to Changing Careers
260 _bPHI
_c1999
300 _a292
650 _aManagement
_9241
942 _cBK
999 _c4675
_d4673